000 00708nam a2200169 i 4500
001 182454
003 ES-MaACL
005 20230906221619.0
008 130816s1985 mx |||| | spa d
100 0 _aDíaz Melián, Mafalda Victoria.
_944350
245 1 3 _aLa inmigración italiana al Brasil entre los años 1907-1909 /
_cMafalda Victoria Díaz Melián.
260 _aMéxico :
_bInstituto Panamericano de Geografía e Historia,
_c1985.
300 _aP [51]-61 ;
_c26 cm.
595 _aSeparata de la publicación: La Inmigración a América Latina.- México : Instituto Panamericano de Geografía e Historia, 1985.
650 0 4 _aItalianos-
_zAmérica-
_vHistoria.
_913922
852 _aES-MaACL
_j2325-F-16
999 _c182454
_d182454